000 01335nam a2200373 i 4500
001 29910
003 KOSZ 005
005 20220622130727.0
008 s1992 pl a f |000 0 pol
022 _a0324-8445
040 _cKOSZ 005
_aKOSZ 005
_dKOSZ 005/EG
041 _apol
_beng
080 _a339.13
080 _a303
245 0 0 _aRynek i konsumpcja /
_c[pod red. Krystyny Mazurek-Łopacińskiej].
260 _aWrocław :
_bWydaw. AE,
_c1992.
300 _a122 s. ;
_c24 cm.
336 _2rdacontent
_aTekst
_btxt
337 _2rdamedia
_aBez urządzenia pośredniczącego
_bn
338 _2rdacarrier
_aWolumin
_bnc
380 _aKsiążki
388 _a1901-2000
388 _a1989-2000
490 1 _aPrace Naukowe Akademii Ekonomicznej im. Oskara Langego,
_x0324-8445 ;
_vnr 643
650 7 _aUsługi
658 _aGospodarka, ekonomia, finanse
658 _aSocjologia i społeczeństwo
650 7 _aRynek (ekonomia)
700 1 _aMazurek-Łopacińska, Krystyna
_d(1951- )
_eRedakcja
710 2 _aAkademia Ekonomiczna im. Oskara Langego (Wrocław)
_4pbl
830 _aPrace Naukowe Akademii Ekonomicznej im. Oskara Langego,
_vnr 643
856 _uhttp://koha.tu.koszalin.pl/cgi-bin/koha/opac-detail.pl?biblionumber=29910
_yKatalog online BPK
942 _cKS
_2UKD
999 _c29910
_d29910